Estudio comparativo de cinco métodos de deposición de babbitt en chumaceras
Gespeichert in:
| 1. Verfasser: | |
|---|---|
| Format: | Buch |
| Veröffentlicht: |
[San José , Costa Rica]
1995
|
| Schlagworte: | |
| Tags: |
Tag hinzufügen
Keine Tags, Fügen Sie den ersten Tag hinzu!
|
MARC
| LEADER | 00000nam a2200000Ia 4500 | ||
|---|---|---|---|
| 003 | 007826 | ||
| 005 | 20221231144249.0 | ||
| 008 | 140114s1995 cr a m 000 ||s d | ||
| 040 | |c cru CEDI | ||
| 090 | |a TFG 3398 | ||
| 100 | |a Zuñiga Brenes, Irving Joaquín |9 10479 | ||
| 245 | |a Estudio comparativo de cinco métodos de deposición de babbitt en chumaceras | ||
| 260 | |c 1995 |a [San José , Costa Rica] | ||
| 300 | |a vi, [180] hojas : ilustraciones (algunas a color) | ||
| 500 | |a Tesis (licenciatura en ingeniería mecánica)--Universidad de Costa Rica. Facultad de Ingeniería. Escuela de Ingeniería Mecánica | ||
| 650 | |x COJINETES (MAQUINARIA) - REPARACION |9 10480 | ||
| 942 | |c TFG |2 ddc | ||
| 999 | |c 19274 |d 19274 | ||
